guess the song by the lyric- canadian edition - Statistics

General Stats
  • This quiz has been taken 3 times
  • The average score is 6 of 15
Answer Stats
Hint Answer % Correct
Illusions of someday/Cast in a golden light Ahead By A Century
67%
You come over unannounced/Dressed up like you're somethin' else Complicated
67%
As for me all I've ever learned from love/Is how to shoot somebody who outdrew you Hallelujah
67%
I've been to Hollywood, I've been to Redwood Heart Of Gold
67%
Don't leave me out here dancin' alone Eenie Meenie
33%
I stand transfixed before the streetlight Hasn't Hit Me Yet
33%
You are the bearer of unconditional things Head over Feet
33%
Cause crying wont be enough to brush the blood after the fighting Heartbreak Coverup
33%
And I ain't wishing competition or fishin' for it/I'm just living in the system, conditions are poor (yeah) Inner Ninja
33%
If I pack the car and leave this town/Who'll notice that I'm not around Pinch Me
33%
The fire burns, I'm not the one with the match, man Red Hands
33%
She's perfect as she can be/Why should I even bother? She's So High
33%
But look how they treat us, make us believers/We fight their battles, then they deceive us Wavin' Flag
33%
Into the undergrowth/Twist and turn on a lonely road When The Night Feels My Song
33%
But I came back to you broken and I've been away too long Who Do You Love
0%
No matching quizzes found
Score Distribution
Percent of People with Each Score
Percentile by Number Answered
Your Score History
You have not taken this quiz